[Event "Porec op"]
[Site "Porec"]
[Date "2008.12.04"]
[Round "2"]
[White "Schilke, Michael"]
[Black "Berni, Alen"]
[Result "1-0"]
[WhiteElo "1953"]
[BlackElo "1756"]
[PlyCount "59"]
[EventDate "2008.12.04"]
[EventType "swiss"]
[EventRounds "7"]
[EventCountry "CRO"]
[SourceTitle "CBM 127 Extra"]
[Source "ChessBase"]
[SourceDate "2009.01.08"]
[SourceVersion "2"]
[SourceVersionDate "2009.01.28"]
[SourceQuality "1"]

1. d4 d5 2. c4 c6 3. Nf3 Nf6 4. Nc3 dxc4 5. a4 e6 6. e3 Bb4 7. Bxc4 Ne4 8. Qc2 Nf6 9. 0-0 0-0 10. Rd1 Qc7 11. e4 Nbd7 12. e5 Nd5 13. Ng5 g6 14. Qd3 Be7 15. Qh3 Bxg5 16. Bxg5 f5 17. Rac1 Nxe5 18. dxe5 Qxe5 19. Bxd5 exd5 20. Re1 Qh8 21. Re7 Rf7 22. Rce1 h5 23. Rxf7 Kxf7 24. Re7+ Kf8 25. Qe3 Bd7 26. Rxd7 Re8 27. Re7 Rxe7 28. Qxe7+ Kg8 29. Bf6 Qh6 30. Qe8+ 1-0

[Event "Buje"]
[Site "Buje"]
[Date "2008.02.16"]
[Round "5"]
[White "Berni, Alen"]
[Black "Bulic, Domagoj"]
[Result "0-1"]
[WhiteElo "1756"]
[BlackElo "2195"]
[PlyCount "108"]
[EventDate "2008.01.19"]
[EventType "tourn"]
[EventRounds "7"]
[EventCountry "CRO"]
[SourceTitle "EXT 2010"]
[Source "ChessBase"]
[SourceDate "2010.11.25"]
[SourceVersion "1"]
[SourceVersionDate "2010.11.25"]
[SourceQuality "1"]

1. Nf3 d5 2. d4 Bf5 3. e3 e6 4. Bd3 Bg6 5. 0-0 Bd6 6. c4 c6 7. Nc3 Nf6 8. Bxg6 hxg6 9. h3 Nbd7 10. cxd5 exd5 11. Re1 Qe7 12. Qb3 Rb8 13. Bd2 Ne4 14. Nxe4 dxe4 15. Nh2 Nf6 16. Qd1 Nh5 17. Qg4 Rh6 18. f4 f5 19. Qg5 Qf7 20. Qh4 Nxf4 21. Qf2 Nd3 22. Qe2 Nxe1 23. Bxe1 g5 24. Nf1 Kf8 25. a3 Re8 26. Bb4 Bxb4 27. axb4 a6 28. Qc2 Kg8 29. Ng3 Rf6 30. Rf1 Qe6 31. h4 gxh4 32. Nh5 Rf7 33. Nf4 Qd6 34. Qc4 g6 35. b3 Kg7 36. Nh3 Rd7 37. Qc3 Qf6 38. Nf4 Kh6 39. Qe1 Rh8 40. Nh3 Kg7 41. Nf4 Kf7 42. Qe2 g5 43. Qc4+ Ke7 44. Qc5+ Ke8 45. Nh3 Rd5 46. Qc4 Kd7 47. Kf2 Rf8 48. Ke2 Qe7 49. Qc3 Rb5 50. Rf2 g4 51. Nf4 Qxb4 52. Qxb4 Rxb4 53. Ng6 Rf6 54. Nxh4 Ke6 0-1

[Event "Buje"]
[Site "Buje"]
[Date "2008.02.02"]
[Round "3"]
[White "Bulic, Josip"]
[Black "Berni, Alen"]
[Result "1-0"]
[WhiteElo "2243"]
[BlackElo "1756"]
[PlyCount "47"]
[EventDate "2008.01.19"]
[EventType "tourn"]
[EventRounds "7"]
[EventCountry "CRO"]
[SourceTitle "EXT 2010"]
[Source "ChessBase"]
[SourceDate "2010.11.25"]
[SourceVersion "1"]
[SourceVersionDate "2010.11.25"]
[SourceQuality "1"]

1. d4 d5 2. c4 c6 3. Nc3 Nf6 4. Bg5 dxc4 5. a4 Bf5 6. e3 e6 7. Bxc4 Bb4 8. Nge2 Nbd7 9. Qb3 a5 10. 0-0 h6 11. Bh4 Qc7 12. f3 Nb6 13. e4 Nxc4 14. Qxc4 Bh7 15. d5 exd5 16. exd5 Nd7 17. Nd4 0-0 18. dxc6 bxc6 19. Qxc6 Qxc6 20. Nxc6 Ra6 21. Nxb4 axb4 22. Nd5 b3 23. a5 Rc8 24. Ne7+ 1-0

[Event "Porec op"]
[Site "Porec"]
[Date "2007.12.09"]
[Round "7"]
[White "Berni, Alen"]
[Black "Grbac, Ivica"]
[Result "0-1"]
[WhiteElo "1820"]
[BlackElo "2000"]
[PlyCount "86"]
[EventDate "2007.12.06"]
[EventType "swiss"]
[EventRounds "7"]
[EventCountry "CRO"]
[SourceTitle "CBM 121 Extra"]
[Source "ChessBase"]
[SourceDate "2008.01.10"]
[SourceVersion "1"]
[SourceVersionDate "2008.01.10"]
[SourceQuality "1"]

1. d4 Nf6 2. c4 g6 3. Nc3 Bg7 4. e4 d6 5. Nf3 0-0 6. Be2 c5 7. d5 e6 8. 0-0 exd5 9. cxd5 a6 10. a4 Re8 11. Qc2 Bg4 12. h3 Bxf3 13. Bxf3 Nbd7 14. Bf4 Ne5 15. Be2 Rc8 16. Rac1 Rb8 17. Rfe1 Qc7 18. g3 Nfd7 19. Kg2 Rec8 20. h4 h5 21. Qd2 c4 22. Bh6 Nc5 23. Bxg7 Kxg7 24. Rh1 Nb3 25. Qg5 f6 26. Qe3 Nxc1 27. Rxc1 Qc5 28. Qd2 b5 29. axb5 axb5 30. f4 Nf7 31. f5 b4 32. fxg6 bxc3 33. Rxc3 Ne5 34. Bxh5 Nd3 35. Rxd3 cxd3 36. Kh3 Qc2 37. Qa5 Rc7 38. e5 fxe5 39. Qa3 Rd8 40. Qa5 d2 41. Bd1 Qf5+ 42. Kg2 Qe4+ 43. Bf3 Qxf3+ 0-1

[Event "Lucija Domen op 1st"]
[Site "Lucija"]
[Date "2006.05.06"]
[Round "4"]
[White "Vlacic, Vili"]
[Black "Berni, Alen"]
[Result "1-0"]
[WhiteElo "1523"]
[BlackElo "1800"]
[PlyCount "77"]
[EventDate "2006.05.05"]
[EventType "swiss"]
[EventRounds "7"]
[EventCountry "SLO"]
[SourceTitle "EXT 2008"]
[Source "ChessBase"]
[SourceDate "2007.11.25"]
[SourceVersion "1"]
[SourceVersionDate "2007.11.25"]
[SourceQuality "1"]

1. e4 c6 2. Nf3 d5 3. Nc3 Nf6 4. e5 Ne4 5. d4 Nxc3 6. bxc3 Bg4 7. h3 Bh5 8. g4 Bg6 9. Nh4 e6 10. Nxg6 hxg6 11. Qf3 Nd7 12. Be2 Be7 13. Bd3 Nb6 14. Qg2 Na4 15. Bd2 Bg5 16. f4 Bh4+ 17. Kf1 g5 18. f5 Qb6 19. Ke2 Kd7 20. Rab1 Qc7 21. Rhf1 Rhf8 22. c4 Rab8 23. Rb4 dxc4 24. Bxc4 Nb6 25. Bd3 Nd5 26. Rbb1 Nf4+ 27. Bxf4 gxf4 28. Rxf4 Bg5 29. Rf3 Qa5 30. Rd1 Qxa2 31. Qf1 Qd5 32. fxe6+ Ke7 33. Rxf7+ Rxf7 34. Qxf7+ Kd8 35. Qg8+ Kc7 36. Qxg7+ Kb6 37. Qxg5 Rf8 38. Rb1+ Ka5 39. Qd2+ 1-0